| 000 | 01809cam a22003615i 4500 | ||
|---|---|---|---|
| 999 |
_c27785 _d27756 |
||
| 001 | 13286260 | ||
| 003 | EG-ScBUE | ||
| 005 | 20191121152625.0 | ||
| 008 | 030723s2014 enka f b 001 0 eng d | ||
| 020 | _a9780415649315 | ||
| 035 | _a(OCoLC)ocm52750185 | ||
| 040 |
_aDLC _beng _erda _cDLC _dYDX _dUKM _dOCLCQ _dBAKER _dNLGGC _dDLC _dEG-ScBUE |
||
| 043 |
_aa-is--- _aaw----- |
||
| 082 | 0 | 4 |
_a959.94054 _bBAR _222 |
| 100 | 1 |
_aBarari, Hassan A. _q(Hassan Abdulmuhdi), _d1964- _eauthor. |
|
| 245 | 1 | 0 |
_aIsraeli politics and the Middle East peace process, 1988-2002 / _cHassan A. Barari. |
| 264 | 1 |
_aAbingdon, Oxon ; _aNew York : _bRoutledge / Taylor and Francis Group, _c2014. |
|
| 300 |
_aviii, 198 pages ; _c24 cm. |
||
| 336 |
_atext _btxt _2rdacontent |
||
| 337 |
_aunmediated _bn _2rdamedia |
||
| 338 |
_avolume _bnc _2rdacarrier |
||
| 490 | 0 |
_aDurham modern Middle East and Islamic world series ; _v6 |
|
| 500 | _aFirst published : 2004 | ||
| 504 | _aIncludes bibliographical references and index. | ||
| 520 | _a"This book argues the domestic Israeli politics have been a key factor in determining Israeli-Palestinian peacemaking in the period from 1988 to the present. It traces developments over this period showing how coalition-building, personalities, and differing views of how Israel should develop, and of how Israel should interact with Palestinians, all had a crucial influence." | ||
| 650 | 7 |
_aArab-Israeli conflict _y1993- _xPeace. _2BUEsh _929308 |
|
| 651 | 7 |
_aIsrael _xPolitics and government _y20th century. _2BUEsh |
|
| 653 |
_bMASPPSS _cNovember2019 |
||
| 655 | _vReading book | ||
| 856 | 4 | 1 |
_3Table of contents only _uhttp://www.loc.gov/catdir/toc/ecip047/2003016648.html |
| 856 | 4 | 2 |
_3Publisher description _uhttp://www.loc.gov/catdir/enhancements/fy0668/2003016648-d.html |
| 942 |
_2ddc _cBB |
||